| 000 | 00801nam a22002177a 4500 | ||
|---|---|---|---|
| 005 | 20180501141836.0 | ||
| 010 | _a1718EN-30 ENG-122837 | ||
| 020 |
_a9788178244914 _c595.00 |
||
| 035 | _aB-682479-482 EN-106369 | ||
| 037 |
_bAakar _adpl |
||
| 037 | _bDBAD/PUB. | ||
| 082 | _a954.01 | ||
| 100 | _aLairi, Nayanjot | ||
| 245 |
_aAshoka: _cby Nayanjot Lairi _bin ancient India / |
||
| 260 |
_aRanikhet _bPermanent Black _c2015 |
||
| 270 |
_aHimalayana, Mall Road, Ranikhet Cantt. _bRanikhet _e263645 |
||
| 300 | v |
_axix,385p. _c21cm(pbk) |
|
| 500 | _aIncludes index | ||
| 942 |
_2ddc _cEN _mLAH _h954.01 |
||
| 999 |
_c145716 _d145716 |
||